000 00968nac a22002897a 4500
001 BR8106161
003 BR-BrBNA
005 20240105115101.0
008 230509b bl.|||m| |||| 00| 0 por d
040 _aBR-BrBNA
_bpor
_cBiblioteca Nacional de Agricultura
072 _aF27
090 _a2121 BR8106161
100 1 _aCanto, A. do C.
100 1 _aBrienza Junior, S.
100 1 _aCorrea, M.P.F.
110 1 _aUnidade de Execucao de Pesquisa de Ambito Estadual de Manaus, AM (Brasil)
_910369
245 1 _aConsorcio de freijo com guarana e culturas de ciclo curto [Brasil]
260 3 _aManaus, AM (Brasil):
_c1981.
300 _a3 p.
490 _aPesquisa em Andamento - Unidade de Execucao de Pesquisa de Ambito Estadual de Manaus (Brazil)
_vno. 34
_x
650 _aGUARANA
650 _aFREIJO-CINZA
650 _aFEIJAO DE CORDA
650 _aCONSORCIACAO DE CULTURA
909 _a202312
_bLúcia Elande
_c55
_dLúcia Elande
942 _2AGRIS
_n0
_cMS
999 _c272958
_d272958